| 000 | 00510nam a2200181Ia 4500 | ||
|---|---|---|---|
| 999 |
_c29967 _d29967 |
||
| 003 | OSt | ||
| 005 | 20201228120637.0 | ||
| 008 | 190216s9999||||xx |||||||||||||| ||und|| | ||
| 020 | _a9788188014255c | ||
| 040 | _coclc | ||
| 082 |
_a894.8129 _bKOC/B |
||
| 100 |
_a Kochangadi, Jamal _92003 |
||
| 245 | 0 |
_aBaburaj / _cJamal Kochangadi |
|
| 260 |
_bLipi Publications, _c2010. _aKozhikode: |
||
| 300 | _a208p | ||
| 650 | _aSmaranakal | ||
| 942 |
_cBK _2ddc _h894.8129 _iKOC/B _k894.8129 _mKOC/B |
||